00757nam a2200205Ia 4500003000900000008004100009020001800050040001600068080001500084245017900099260004200278300001600320500002600336650004100362650003200403650003200435700002600467700003100493700002700524IN-BaIIA211028s9999 xx 000 0 eng d a90-277-1209-3 cIIA Library a92:52bOOR 0aOort and the universeba sketch of Oort's research and personcedited by Hugo Van Woerden, Willem N. Brouw and Henk C. Van De Hulst  aDordrechtbD. Reidel Publishingc1980 aviii, 210p. aDonated by Mrs. Bappu aAstronomy and Astrophysics Thesaurus aBiography-Jan Hendrick Oort aJan Hendrick Oort Biography aBrouw, Willem N., ed. aVan De Hulst, Henk C., ed. aVan Woerden, Hugo, ed.